000 00344 a2200145 4500
001 169229
020 _a
040 _cMagnum
100 _aLima, Leonardo Pereira
240 1 0 _aPratica de psicologia moderna - v.2 - h-p
_lpor
245 1 0 _aPratica de psicologia moderna - v.2 - h-p
362 0 _a1899
697 _aPSICOLOGIA
942 _cBK
999 _c169229
_d169229